| 000 | 02160nam a2200361 c 4500 | ||
|---|---|---|---|
| 003 | BLK | ||
| 005 | 20231107093528.0 | ||
| 008 | 180412b bul|||||r ||||||| ||bul|| | ||
| 010 | _aKNG00011210000 | ||
| 020 |
_a954-459-282-2 _bиздат.: Хермес |
||
| 040 | _aBLK | ||
| 080 |
_aЕзиково и говорно възпитание. Начални основи на граматика и правопис. _b372.46 _x(075.8) _z372.46(075.8) |
||
| 080 |
_aОснови на четенето. Методи на обучение в четенето _b372.41 _x(075.8) _z372.41(075.8) |
||
| 100 | 1 |
_aЗдравкова, Стойка Здравкова _eпърви автор _9245554 |
|
| 139 |
_aЗдравкова, Стойка Здравкова _bЗ 50 |
||
| 245 | 1 | 0 |
_aМетодика на обучението по български език в началното училище _bУчебник за студентите от СУ Св. Климент Охридски : Ч. 1 - _cСтойка Здравкова Здравкова. _nЧ. 1 |
| 250 | _a3. изд | ||
| 260 |
_аПловдив _bХермес _c1996 - |
||
| 300 | _c20 см | ||
| 380 | _a3 | ||
| 500 | _aДеп. списък: 6 ; Офс. изд | ||
| 650 | 4 |
_aБългарски език - методика на преподаването - за начални училища _9245533 |
|
| 650 | 4 |
_aЛитература - методика на преподаването - за начални училища _9242049 |
|
| 653 | _aБалкански полуостров | ||
| 653 | _aруски философи | ||
| 760 | 1 |
_aЗдравкова, Стойка Здравкова _b3. изд _d1996 _h383 с. : с табл., сх. : с табл., сх _n1. изд. 1980 [деп. 1982] със загл. Методика на обучението по български език в началните класове, изд. на СУ Климент Охридски _tЧ. 1 |
|
| 852 | _aЦб 185985 | ||
| 856 | 4 |
_qpdf _u |
|
| 856 | 4 |
_qpdf _u |
|
| 942 |
_cKNG _n0 _04 |
||
| 944 |
_aCR _c15.01.2003 _k30571 _lНиколай Господинов |
||
| 944 |
_aED _c13.09.2006 _k |
||
| 999 |
_c9776 _d9776 |
||